LEADER 01041nam a2200253 u 4500 001 000000015027 003 CaOOAMICUS 005 20070226105831.0 008 940517s1959 it u000 u ita u 035 $a10353168 040 $aPUL(R)$bita 245 03$aLa Chiesa e l'educazione /$ctesti a cura di Giovanni Casalotti. 260 $aRoma :$bA. Armando,$c1959. 300 $a198 p. ;$c20 cm 490 1 $aI problemi della pedagogia ;$v38 610 24$aChiesa cattolica e educazione.$0(OLS)http://pul/subject/10463 650 4$aEducazione cristiana.$0(OLS)http://pul/subject/10462 700 1 $aCasalotti, Giovanni.$0(OLS)http://pul/name/13866 830 2$aI problemi della pedagogia ;$v38.$0(OLS)http://pul/title/11915 850 $aPUL 852 $aPUL$W1$xDP1 Fondo Pastorale$y55$mP3 D 33$j21068$nBK-PRI$b $qFondi$B21068$CPULBib$Z2$F21068 $HPUL2661 $81 941 1 $a1 996 $6245$aLa Chiesa e l'educazione$9(OLS)http://pul/title/21567 996 $6260$aRoma :$bA. Armando$9(OLS)http://pul/publisher/50895 LEADER 01174nam a2200301 a 4500 001 000000167129 003 CaOOAMICUS 005 20180417092930.0 008 180417s1992 it u000 u ita r 020 $z88-420-4099-1* 032 $aLibriCat 040 $aPUL$bita 100 1 $aCorrao, Francesco.$0(OLS)http://pul/name/34486 245 10$aModelli psicoanalitici :$bmito, passione, memoria /$cFrancesco Corrao. 260 $aRoma ;$aBari :$bLaterza,$c1992. 300 $a117 p. ;$c21 cm. 490 1 $aLezioni italiane ;$v06 504 $aBibliografia nelle note finali. 650 4$aPsicanalisi.$0(OLS)http://pul/subject/1791 830 0$aLezioni italiane ;$v06.$0(OLS)http://pul/title/65598 850 $aPUL 852 $aPUL$W1$xDP1 Fondo Dalla Palma$y117$m2 B 39$j32215$qFondi$B194672$CPULBib$Z2$F194672 $HDal3187 $81 941 1 $a1 960 $aPsicoanalisi$91791 996 $6020$z88-420-4099-1*$9(OLS)http://pul/number/163798 996 $6245$aModelli psicoanalitici :$bmito, passione, memoria$9(OLS)http://pul/title/207003 996 $6260$aRoma ;$aBari :$bLaterza$9(OLS)http://pul/publisher/57682